Biblioteca

¿Qué le pasa a mi cuerpo? (Registro nro. 67525)

Detalles MARC
000 -LÍDER
Campo fijo de descripción fija 01144nam a2200265 i 4500
001 - NÚMERO DE CONTROL
Campo de control BINCO
003 - IDENTIFICADOR DEL NÚMERO DE CONTROL
Campo de control CO-MdBIC
005 - FECHA Y HORA DE LA ULTIMA TRANSACCIÓN
control field 20220404164300.0
008 - ELEMENTOS DE LONGITUD FIJA -- INFORMACIÓN GENERAL
Campo fijo de descripción fija -- Información general 220323t2012 mx ao||c |||| 00| 0 spa d
020 ## - NÚMERO INTERNACIONAL NORMALIZADO PARA LIBROS
Número Internacional Normalizado del libro 9781575548890
040 ## - FUENTE DE CATALOGACIÓN
Agencia de catalogación original CO-MdBIC
Idioma de catalogación spa.
Agencia que realiza la transcripción CO-MdBIC
Agencia que realiza la modificación CO-MdBIC
041 ## - CÓDIGO DE IDIOMA
Código de idioma para texto/pista de sonido o título separado spa
082 ## - NÚMERO DE CLASIFICACIÓN DECIMAL DEWEY
Número de la edición del Dewey 22
Número de clasificación 613.95
Clave de autor-Numero de item V217
100 ## - ASIENTO PRINCIPAL--NOMBRE PERSONAL
Nombre personal Van Pelt, Nancy L.,
Fechas asociadas con el nombre 1934-2013
240 ## - TÍTULO UNIFORME
Título uniforme <a href="The Compleat Tween ">The Compleat Tween </a>
Lenguaje del trabajo español
245 08 - TÍTULO
Título del Material ¿Qué le pasa a mi cuerpo?
Mención de responsabilidad, etc. / Nancy Van Pelt
250 ## - MENCIÓN DE EDICIÓN
Mención de edición Segunda edición
260 #1 - PUBLICACIÓN, DISTRIBUCIÓN, ETC. (PIE DE IMPRENTA)
Lugar de publicación, distribución, etc. México :
Nombre del editor, distribuidor, etc. Asociación Publicadora Interamericana,
Fecha de publicación, distribución, etc. [2012]
264 #4 - PRODUCCIÓN, PUBLICACIÓN, DISTRIBUCIÓN, MANUFACTURA, Y COPYRIGHT
Fecha de producción, publicación, distribución, manufactura, o copyright © 2012
300 ## - DESCRIPCIÓN FÍSICA
Extensión 171 páginas;
Otros detalles físicos ilustraciones:
Dimensiones 20 cm.
505 1# - NOTA DE CONTENIDO
Nota de contenido con formato preestablecido ¿Tienes entre 9 y 14 años? ¿Te sientes inseguro? ¿Te da vergüenza hablar de sexo con tus padres? ¿Quieres respuestas directas a tus dudas sobre la vida? Si tu respuesta a estas preguntas es "Sí", seguramente estas en la pubertad. Además de los cambios físicos que tienes que experimentar, te toca bregar con la presión de tus padres y de tus amigos.
650 ## - ASIENTO SECUNDARIO DE MATERIA - TERMINO TEMÁTICO
Subdivisión de forma Ciencias naturales
Subdivisión general Sexualidad
700 ## - ASIENTO SECUNDARIO - NOMBRE PERSONAL
Nombre personal Collins, Sergio,
Responsabilidad traductor
942 ## - TIPO DE MATERIAL (KOHA)
Tipo de Item KOHA Z- Libro General BINCO
Existencias
Estado de Material Estado de Perdido Forma de Clasificación Estado de Dañado No para Préstamo Colección Biblioteca de Origen Biblioteca Permanente Fecha de Adquisición Área Total de Préstamos Signatura Topográfica Código de Barras Última vez visto Última vez Préstado Ejemplar/Existencia Fecha de Remplazo Tipo de Material
    Dewey Decimal Classification     Colección General Biblioteca Infantil Comunitaria BINCO Biblioteca Infantil Comunitaria BINCO 23/03/2022 BINCO 2 613.95 V217 B32065 11/05/2022 13/04/2022 ej.1 23/03/2022 Z- Libro General BINCO

Biblioteca FUSBC | Teléfono: (57+4) 349 88 10 Ext. 141| WhatsApp (+57) 3005338115 
E-mail: biblioteca@unisbc.edu.co | Calle 76 87-14 Robledo Palenque, Medellín, Colombia

Con tecnología Koha